CLINICAL DERMATOLOGY: A COLOR GUIDE TO DIAGNOSIS & THERAPY (Record no. 18609)

MARC details
000 -LEADER
fixed length control field 00343nam a22001457a 4500
003 - CONTROL NUMBER IDENTIFIER
control field SGT
082 ## - DEWEY DECIMAL CLASSIFICATION NUMBER
Classification number 616.5
Item number C16H
100 ## - MAIN ENTRY--PERSONAL NAME
Personal name HABIF, THOMAS P.
245 ## - TITLE STATEMENT
Title CLINICAL DERMATOLOGY: A COLOR GUIDE TO DIAGNOSIS & THERAPY
250 ## - EDITION STATEMENT
Edition statement 6TH
260 ## - PUBLICATION, DISTRIBUTION, ETC. (IMPRINT)
Place of publication, distribution, etc INDIA
Name of publisher, distributor, etc ELSEVIER PUB
Year of Publication 2016
300 ## - PAGE DESCRIPTION
No. of Pages 1008
650 ## - SUBJECT ADDED ENTRY--TOPICAL TERM
Topical term or geographic name as entry element HOMOEOPATHIC
942 ## - ADDED ENTRY ELEMENTS (KOHA)
Source of classification or shelving scheme Dewey Decimal Classification
Koha item type Books
Holdings
Withdrawn status Lost status Source of classification or shelving scheme Damaged status Not for loan Home library Current library Shelving location Date acquired Vendor Name Cost, normal purchase price SGTU Bill Number Total Checkouts Full call number Accession No. (Barcode) Date last seen Bill Date Koha item type
    Dewey Decimal Classification     Homeopathy Library Homeopathy Library Reference Book 29/07/2019 ABC, PUB 189.99 SGTU 7136   616.5 C16H FH801 29/07/2019 09/08/2016 Books
    Dewey Decimal Classification     Homeopathy Library Homeopathy Library Reference Book 29/07/2019 ABC, PUB 189.99 SGTU 7136   616.5 C16H FH802 29/07/2019 09/08/2016 Books